MANUAL OF MICROBIOLOGY TOOLS & TECHNIQUES (Record no. 922)
[ view plain ]
| 000 -LEADER | |
|---|---|
| fixed length control field | 00341nam a2200133Ia 4500 |
| 008 - FIXED-LENGTH DATA ELEMENTS--GENERAL INFORMATION | |
| fixed length control field | 150201s2009 xx 000 0 und d |
| 082 ## - DEWEY DECIMAL CLASSIFICATION NUMBER | |
| Classification number | 616.01 |
| Item number | M09S |
| 100 ## - MAIN ENTRY--PERSONAL NAME | |
| Personal name | SHARMA,KAVITA |
| 245 ## - TITLE STATEMENT | |
| Title | MANUAL OF MICROBIOLOGY TOOLS & TECHNIQUES |
| 250 ## - EDITION STATEMENT | |
| Edition statement | 2ND |
| 260 ## - PUBLICATION, DISTRIBUTION, ETC. (IMPRINT) | |
| Name of publisher, distributor, etc. | ANE BOOK PUB. |
| Place of publication, distribution, etc. | DELHI |
| Date of publication, distribution, etc. | 2009 |
| 650 ## - SUBJECT ADDED ENTRY--TOPICAL TERM | |
| Topical term or geographic name as entry element | MICROBIOLOGY |
| 942 ## - ADDED ENTRY ELEMENTS (KOHA) | |
| Source of classification or shelving scheme | Dewey Decimal Classification |
| Koha item type | Books |
| Koha issues (borrowed), all copies | 17 |
| Withdrawn status | Lost status | Source of classification or shelving scheme | Damaged status | Not for loan | Collection code | Home library | Current library | Shelving location | Date acquired | Source of acquisition | Cost, normal purchase price | SGTU | Bill Number | Total Checkouts | Full call number | Barcode | Date last seen | Date last checked out | Bill Date | Koha item type |
|---|---|---|---|---|---|---|---|---|---|---|---|---|---|---|---|---|---|---|---|---|
| Dewey Decimal Classification | MEDICAL | SGT Medical Library | SGT Medical Library | Text Book | 27/02/2010 | U.B.S. DELHI | 295.00 | SGTU | 1008 | 10 | 616.01 M09S | FM3726 | 02/02/2024 | 02/02/2024 | 27/02/2010 | Books | ||||
| Dewey Decimal Classification | MEDICAL | SGT Medical Library | SGT Medical Library | Text Book | 27/02/2010 | U.B.S. DELHI | 295.00 | SGTU | 1008 | 616.01 M09S | FM3727 | 09/02/2015 | 27/02/2010 | Books | ||||||
| Dewey Decimal Classification | MEDICAL | SGT Medical Library | SGT Medical Library | Text Book | 27/02/2010 | U.B.S. DELHI | 295.00 | SGTU | 1008 | 16 | 616.01 M09S | FM3728 | 24/01/2026 | 10/01/2026 | 27/02/2010 | Books | ||||
| Dewey Decimal Classification | MEDICAL | SGT Medical Library | SGT Medical Library | Text Book | 27/02/2010 | U.B.S. DELHI | 295.00 | SGTU | 1008 | 616.01 M09S | FM3729 | 09/02/2015 | 27/02/2010 | Books | ||||||
| Dewey Decimal Classification | MEDICAL | SGT Medical Library | SGT Medical Library | Text Book | 27/02/2010 | U.B.S. DELHI | 295.00 | SGTU | 1008 | 616.01 M09S | FM3730 | 09/02/2015 | 27/02/2010 | Books |